[Event "Tch-SWE 2002-3"]
[Site "Sweden SWE"]
[Date "2002.11.16"]
[Round "4"]
[White "Andersson,J"]
[Black "Kinnmark,O"]
[Result "1/2-1/2"]
[WhiteElo "2148"]
[BlackElo "2364"]

1.e4 c5 2.Nf3 e6 3.Nc3 a6 4.d4 cxd4 5.Nxd4 Qc7 6.g3 Nf6 7.Bg2 Nc6 8.Nxc6 bxc6
9.O-O Be7 10.Re1 e5 11.h3 O-O 12.Be3 Rb8 13.Na4 d5 14.exd5 cxd5 15.b3 h6
16.Kh2 Rd8 17.Qe2 Bd6 18.Rac1 Re8 19.c3 a5 20.Qd2 Be6 21.f4 Nh5 22.f5 Bxf5
23.Qxd5 Be6 24.Qc6 Qe7 25.Bc5 Rbd8 26.Bxd6 Rxd6 27.Qf3 Qg5 28.Rc2 Bf5 29.Rf2 Bg6
30.Qe3 Rd3 31.Qxg5 hxg5 32.Bf3 Nf6 33.c4 e4 34.Bg2 Red8 35.Nc5 Rd2 36.Rfe2 e3
37.Kg1 Rxe2 38.Rxe2 Rd1+ 39.Kh2 Rd2 40.Rxe3 Rxa2 41.g4 Bc2 42.Kg3 g6 43.Bc6 Kg7
44.Re7 Bxb3 45.Nxb3 Ra3 46.Re3 a4 47.Bxa4 Rxa4 48.Nd2 Ra2 49.Nf3 Ra5 50.h4  1/2-1/2

[Event "WYg16"]
[Site "Heraklio GRE"]
[Date "2002.11.18"]
[Round "5"]
[White "Zdebskaja,N"]
[Black "Tania,S"]
[Result "1/2-1/2"]
[WhiteElo "2260"]
[BlackElo "2189"]

1.e4 c5 2.Nf3 e6 3.d4 cxd4 4.Nxd4 a6 5.Nc3 Qc7 6.g3 Nf6 7.Bg2 d6 8.O-O Nc6
9.Re1 Rb8 10.Nxc6 bxc6 11.e5 dxe5 12.Rxe5 Bd6 13.Re1 O-O 14.b3 c5 15.Bb2 c4
16.Qe2 Bb7 17.Bxb7 Rxb7 18.Na4 Rc8 19.Bxf6 gxf6 20.Qg4+ Kh8 21.Rad1 Be5 22.Qh4 f5
23.Rxe5 Qxe5 24.Rd8+  1/2-1/2

[Event "Kubanskaja Osen"]
[Site "Krasnodar RUS"]
[Date "2002.11.18"]
[Round "4"]
[White "Tseshkovsky,V"]
[Black "Poluljahov,A"]
[Result "1-0"]
[WhiteElo "2545"]
[BlackElo "2501"]

1.e4 c5 2.Nf3 e6 3.d4 cxd4 4.Nxd4 a6 5.Nc3 Qc7 6.g3 Bb4 7.Ne2 Nf6 8.Bg2 Be7
9.O-O Nc6 10.a4 O-O 11.Nf4 Rb8 12.Re1 d6 13.Qe2 Ne5 14.h3 Bd7 15.Be3 Rfc8
16.a5 Nc4 17.Bd4 Qd8 18.b3 Nxa5 19.e5 Ne8 20.Ncd5 exd5 21.e6 fxe6 22.Nxe6 Bxe6
23.Qxe6+ Kh8 24.Rxa5 Bf6 25.Bxd5 Nc7 26.Bxf6 Qxf6 27.Qxf6 gxf6 28.Bf3 Nb5
29.Be4 Re8 30.Kf1 Kg7 31.Bd3 Nc7 32.Rh5 Rxe1+ 33.Kxe1 h6 34.Rh4 Rh8 35.Rf4 Kf7
36.Rc4 Re8+ 37.Kd2 Ne6 38.Rg4 Ng5 39.Kc3 Rc8+ 40.Kb2 d5 41.Bf5 Rc5 42.Rh4 Kg7
43.Bd3 a5 44.Rg4 Kf7 45.h4 h5 46.Rf4 Ne6 47.Ra4 b6 48.c3 Rc7 49.b4 axb4 50.cxb4 Ke7
51.Ra6 Rb7 52.Be2 Ng7 53.Ra8 Kd6 54.Kc3 Re7 55.Kd2 Kd7 56.Rb8 Kc6 57.Rf8 Re6
58.Rf7 Nf5 59.Rh7 Nd6 60.Bd3 f5 61.Rxh5 Rf6 62.Ke3 Ne4 63.Kd4 Nd6 64.Rg5 f4
65.g4 f3 66.Ke3 b5 67.h5 Rf8 68.Rg6 Kd7  1-0

[Event "40th Ann Open"]
[Site "Curacao AHO"]
[Date "2002.11.19"]
[Round "2"]
[White "Gikas,B"]
[Black "Zapata,A"]
[Result "1/2-1/2"]
[WhiteElo "2254"]
[BlackElo "2556"]

1.e4 c5 2.Nf3 e6 3.d4 cxd4 4.Nxd4 a6 5.Nc3 b5 6.Bd3 d6 7.O-O Nf6 8.Be3 Be7
9.f4 Bb7 10.e5 Nd5 11.Nxd5 Bxd5 12.exd6 Bxd6 13.Qg4 Qf6 14.Bxb5+ axb5 15.Nxb5 Ra6
16.f5 O-O 17.Nxd6 Rxd6 18.Bc5 Rc6 19.Bxf8 Rxc2 20.Bxg7 Qxg7 21.Qxg7+ Kxg7
22.Rf2 Rc4 23.fxe6 fxe6 24.Raf1 Nc6 25.Rf7+ Kg6 26.b3 Rd4 27.R7f4 Rd2 28.R4f2 Rd3
29.Rf6+ Kg5 30.h4+ Kh5 31.Rf7 Be4 32.R1f4 Bg6 33.Rc7 e5 34.Rf3 Rd6 35.Rc3 Nd4
36.Re3 e4 37.g3 Nf3+ 38.Kf2 Kg4 39.h5 Kxh5 40.Rc4 Rd2+ 41.Re2 Rd1 42.b4 Kg5
43.b5 Ne5 44.Rcxe4 Ng4+ 45.Rxg4+ Kxg4 46.Rb2 Be4 47.Rb4 Kf5 48.a4 Rd2+ 49.Ke3 Rd3+
50.Kf2 Rf3+ 51.Ke2 Ra3 52.b6 Bb7 53.Rh4 Ke5 54.Rxh7 Be4 55.Re7+ Kd4 56.Rd7+ Kc5
57.Re7 Bd5 58.b7 Rb3 59.g4 Bxb7 60.g5 Kd6 61.Re3 Rb2+ 62.Kf1 Bd5 63.Rg3 Rb7
64.a5 Ke5 65.Kf2 Kf4 66.Ra3 Rb2+ 67.Ke1 Rb7 68.g6 Ra7 69.a6 Be4 70.Kd2 Bxg6
71.Kc3 Ke5 72.Kc4 Be4 73.Kc5 Rc7+ 74.Kb6 Rc6+ 75.Kb5 Rc8 76.a7 Kd6 77.Kb6 Bd5
78.Rd3 Rh8 79.Ra3 Rc8  1/2-1/2

[Event "Kubanskaja Osen"]
[Site "Krasnodar RUS"]
[Date "2002.11.20"]
[Round "6"]
[White "Frolyanov,D"]
[Black "Poluljahov,A"]
[Result "1/2-1/2"]
[WhiteElo "2433"]
[BlackElo "2501"]

1.e4 c5 2.Nf3 e6 3.d4 cxd4 4.Nxd4 a6 5.Nc3 b5 6.Bd3 d6 7.O-O Nf6 8.Bg5 Be7
9.a4 b4 10.Nce2 e5 11.Nb3 Be6 12.f4 Nc6 13.Ng3 h6 14.Bxf6 Bxf6 15.f5 Bxb3
16.cxb3 Nd4 17.Bc4 a5 18.Kh1 Rc8 19.Nh5 Rc5 20.Qg4 Kf8 21.Rad1 Rc7 22.Rd3 Rg8
23.Ng3 Rh8 24.Nh5 Rg8 25.Ng3  1/2-1/2

[Event "40th Ann Open"]
[Site "Curacao AHO"]
[Date "2002.11.21"]
[Round "4"]
[White "Fernandez,Joh"]
[Black "Zapata,A"]
[Result "0-1"]
[WhiteElo "2138"]
[BlackElo "2556"]

1.e4 c5 2.Nf3 e6 3.d4 cxd4 4.Nxd4 a6 5.Nc3 Qc7 6.Be2 Nc6 7.Be3 b5 8.O-O Bb7
9.Nxc6 dxc6 10.a4 Nf6 11.axb5 cxb5 12.Bf3 Nd7 13.g3 Bc5 14.Qe2 O-O 15.Bxc5 Qxc5
16.Bg2 Rac8 17.Rfc1 Ne5 18.Nd1 f5 19.Kh1 Rcd8 20.b3 fxe4 21.Bxe4 Rd2 22.Qe1 Nf3
23.Bxf3 Rxf3 24.Kg1 Qd5 25.Ne3 Rxg3+  0-1

[Event "WYg18"]
[Site "Heraklio GRE"]
[Date "2002.11.21"]
[Round "7"]
[White "Rohonyan,K"]
[Black "Paehtz,E"]
[Result "1-0"]
[WhiteElo "2320"]
[BlackElo "2349"]

1.e4 c5 2.Nf3 e6 3.d4 cxd4 4.Nxd4 a6 5.Nc3 b5 6.g4 Bb7 7.Bg2 Ne7 8.O-O Qa5
9.Be3 Ng6 10.f4 Qc7 11.Qe2 b4 12.Na4 Nc6 13.Nb3 Be7 14.Nbc5 Bc8 15.e5 O-O
16.Rad1 a5 17.Qd2 Rb8 18.Nxd7 Rd8 19.Bxc6 Bxd7 20.Bxd7 Nf8 21.Qf2 Nxd7 22.Rd2 Qc6
23.b3 Nf8 24.Rfd1 Rxd2 25.Rxd2 Ng6 26.Qg2 Qb5 27.Qe4 h5 28.h3 Rc8 29.Nb6 Rc3
30.Nc4 Nh4 31.f5 g6 32.fxe6 fxe6 33.Kh2 hxg4 34.hxg4 Kg7 35.Rf2 g5 36.Nd6 Bxd6
37.exd6 e5 38.Qa8 Ng6 39.Qa7+ Kh6 40.d7 Qd5 41.Rd2 Qf3 42.Bxg5+ Kxg5 43.d8=Q+ Kh6
44.g5+ Kh5 45.Qh7+ Kg4 46.Rg2+  1-0

[Event "WYg16"]
[Site "Heraklio GRE"]
[Date "2002.11.21"]
[Round "8"]
[White "Lelekova,O"]
[Black "Burtasova,A"]
[Result "1-0"]
[WhiteElo "2070"]
[BlackElo "2159"]

1.e4 c5 2.Nf3 e6 3.d4 cxd4 4.Nxd4 a6 5.Nc3 b5 6.Bd3 Qb6 7.Nf3 Nc6 8.O-O Qb8
9.Re1 d6 10.Be3 Nf6 11.Nd4 Nxd4 12.Bxd4 e5 13.Be3 Be7 14.f4 Ng4 15.Nd5 Be6
16.f5 Nxe3 17.Nxe3 Bd7 18.Nd5 Qa7+ 19.Kh1 Bc6 20.Qg4 Bf6 21.Nxf6+ gxf6 22.Qg7 Ke7
23.a4 Qf2 24.Qh6 Rhg8 25.Re2 Qd4 26.Rd1 Qxb2 27.c4 Qd4 28.Red2 Bxe4 29.Bf1 Qc5
30.Rxd6 Qxd6 31.Rxd6 Kxd6 32.Qxf6+ Kd7 33.Qxf7+ Kc6 34.cxb5+ axb5 35.Qe6+ Kb7
36.Qxe5 Rae8 37.Qxb5+ Kc7 38.Qc5+ Bc6 39.Kg1 Kd7 40.g3 Re1 41.Qd4+ Kc7 42.Qf4+ Kc8
43.Qc4  1-0

[Event "WYg18"]
[Site "Heraklio GRE"]
[Date "2002.11.22"]
[Round "9"]
[White "Berzina,I"]
[Black "Paehtz,E"]
[Result "0-1"]
[WhiteElo "2243"]
[BlackElo "2349"]

1.e4 c5 2.Nf3 e6 3.d4 cxd4 4.Nxd4 a6 5.Nc3 Qc7 6.g3 Nc6 7.Bg2 Nf6 8.O-O Be7
9.a4 d6 10.Nb3 b6 11.f4 Bb7 12.g4 Nd7 13.Be3 O-O 14.g5 Rfe8 15.Rf3 g6 16.Rh3 Nb4
17.Nd4 Bf8 18.f5 exf5 19.exf5 Bxg2 20.Kxg2 d5 21.Qg4 Qc4 22.Qh4 h5 23.Bf2 Ne5
24.Nd1 Qc8 25.Ne3 Qb7 26.Rf1 Bg7 27.Be1 Nc4 28.Bxb4 Nxe3+ 29.Rxe3 Rxe3 30.f6 Re4
31.Qf2 Bf8 32.Bxf8 Rxf8 33.c3 Rfe8 34.Kh1 Qd7 35.Qg3 Qxa4 36.Nf5 Qc4 37.Nh6+ Kh7
38.Rg1 Re3 39.Qg2 Re2  0-1

[Event "WYb18"]
[Site "Heraklio GRE"]
[Date "2002.11.22"]
[Round "9"]
[White "Gonzalez Menendez,I"]
[Black "Paragua,M"]
[Result "0-1"]
[WhiteElo "2307"]
[BlackElo "2476"]

1.e4 c5 2.Nf3 e6 3.d4 cxd4 4.Nxd4 a6 5.Nc3 b5 6.g3 Bb7 7.Bg2 b4 8.Na4 Qc7
9.O-O Nf6 10.Qd3 d6 11.c3 bxc3 12.Nxc3 Nbd7 13.Nb3 Be7 14.Bf4 O-O 15.Rac1 Qb6
16.Rfd1 Ne5 17.Bxe5 dxe5 18.Na4 Qa7 19.Nac5 Rad8 20.Qe2 Rxd1+ 21.Qxd1 Ba8
22.Qe2 a5 23.Nd3 Bd6 24.Nd2 Bb8 25.Nf3 Nd7 26.b3 a4 27.b4 a3 28.Nc5 Nxc5
29.bxc5 Bc6 30.Nd2 Bc7 31.Nb3 Rb8 32.Qc4 Kf8 33.Rb1 Qa4 34.Qc2 Rb4 35.Rd1 Rc4
36.Qd2 h6 37.Qd3 Qb4 38.Qd2 Qxd2 39.Rxd2 Ke7  0-1

[Event "Kubanskaja Osen"]
[Site "Krasnodar RUS"]
[Date "2002.11.22"]
[Round "8"]
[White "Geller,J"]
[Black "Poluljahov,A"]
[Result "0-1"]
[WhiteElo "2433"]
[BlackElo "2501"]

1.e4 c5 2.Nc3 e6 3.Nf3 a6 4.d4 cxd4 5.Nxd4 d6 6.Bd3 Nf6 7.O-O Be7 8.f4 b5
9.a3 Bb7 10.Be3 Nbd7 11.Qf3 Rc8 12.g4 h5 13.g5 Ng4 14.g6 Nxe3 15.Qxe3 Qb6
16.gxf7+ Kxf7 17.Nce2 Rh6 18.Kh1 Bf6 19.b4 Bxd4 20.Nxd4 Nf6 21.Rf3 Rg6 22.Nxb5 Qc6
23.Nd4 Qc3 24.Nb3 d5 25.f5 exf5 26.exf5 Rg4 27.Qe6+ Kf8 28.Rg3 d4+ 29.Kg1 Qc7
30.Nc5 Rxg3+ 31.hxg3 Qxg3+ 32.Kf1 Bg2+ 33.Ke2 Re8 34.Be4 Qe3+ 35.Kd1 Bf3+
36.Bxf3 Qxf3+ 37.Kc1 Rxe6 38.Nxe6+ Kg8  0-1

[Event "ch-CRO"]
[Site "Zagreb CRO"]
[Date "2002.11.27"]
[Round "4"]
[White "Rezek,M"]
[Black "Komljenovic,D"]
[Result "0-1"]
[WhiteElo "2184"]
[BlackElo "2450"]

1.e4 c5 2.Nf3 e6 3.d4 cxd4 4.Nxd4 a6 5.Nc3 b5 6.Bd3 Bb7 7.O-O Qc7 8.Be3 Nf6
9.Qf3 Be7 10.Rfe1 O-O 11.g4 b4 12.Nce2 d5 13.e5 Ne4 14.Qh3 Qxe5 15.Bf4 Qf6
16.f3 Bc5 17.Be3 e5 18.fxe4 dxe4 19.Rf1 Qb6 20.Bc4 exd4 21.Rxf7 Rxf7 22.Rf1 d3
23.Rxf7 Bxe3+ 24.Kh1 Nd7 25.Rxd7+ Kh8  0-1

[Event "ch-ISR w"]
[Site "Tel Aviv ISR"]
[Date "2002.11.29"]
[Round "5"]
[White "Yudasina,I"]
[Black "Igla,B"]
[Result "1/2-1/2"]
[WhiteElo "2128"]
[BlackElo "2160"]

1.e4 c5 2.Nf3 e6 3.Nc3 a6 4.d4 cxd4 5.Nxd4 b5 6.g3 Bb7 7.Bg2 Nf6 8.Qe2 Qb6
9.Nb3 Qc7 10.Bf4 d6 11.O-O Nbd7 12.a3 Be7 13.Rad1 O-O 14.g4 e5 15.Bc1 h6
16.Rd3 Nc5 17.Nxc5 dxc5 18.h4 b4 19.axb4 cxb4 20.g5 bxc3 21.Rxc3 Qb6 22.Rb3 Qc6
23.gxf6 Bxf6 24.Qh5 Rab8 25.Rc3 Qa4 26.Bxh6 Bxe4 27.Bxg7 Bxg7 28.Rg3 Bg6
29.Qg5 Qf4 30.h5 Qxg5 31.Rxg5 Bxc2 32.h6 Bg6 33.hxg7 Rfe8 34.Re1 Kxg7 35.Rgxe5 Rxe5
36.Rxe5 Rxb2 37.Ra5 Bd3 38.Ra3 Rd2 39.Bf3 Bb5 40.Kg2 Rd3 41.Ra2 Kf6 42.Bb7 Rd6
43.Kf3 Ke5 44.Bc8 Kd4 45.Rd2+ Kc5 46.Re2 Kb6 47.Rb2 a5 48.Ke4 f6 49.Kf5 a4
50.Be6 Ka5 51.f4 a3 52.Rf2 Kb4 53.Kxf6 Bc4 54.f5 a2 55.Rxa2 Bxa2 56.Ke7 Ra6
57.Bxa2 Rxa2 58.f6 Kc5 59.f7  1/2-1/2

[Event "ch-POL sf"]
[Site "Lubniewice POL"]
[Date "2002.11.30"]
[Round "1"]
[White "Strzemiecki,Z"]
[Black "Marszalek,Mac"]
[Result "0-1"]
[WhiteElo "1920"]
[BlackElo "2279"]

1.e4 c5 2.Nf3 e6 3.d4 cxd4 4.Nxd4 a6 5.Nc3 Qc7 6.Be2 Nf6 7.a3 d6 8.O-O Be7
9.Bg5 Nbd7 10.Kh1 O-O 11.f4 b6 12.Bf3 Bb7 13.Qe2 Rfe8 14.Rae1 h6 15.Bh4 Rad8
16.Bg3 e5 17.fxe5 Nxe5 18.Nf5 Qc4 19.Qe3 Qc5 20.Qxc5 bxc5 21.Bxe5 dxe5 22.Rd1 Bf8
23.Ne3 Rd4 24.Nf5 Rdd8 25.Ne3 Rb8 26.b3 a5 27.Ned5 Nxd5 28.Nxd5 c4 29.bxc4 Bxa3
30.Ra1 Bb4 31.c3 Bxd5 32.cxb4 Bxc4 33.Rfc1 Rxb4 34.Rxa5 Bd3 35.Re1 f6 36.h3 Rd8
37.Ra7 Rb1 38.Rxb1 Bxb1 39.Ra4 Rd4 40.Ra8+ Kh7 41.Kg1 Bxe4 42.Bxe4+ Rxe4
43.Kf2 Rb4 44.Ra7 h5 45.g3 h4 46.gxh4 Rxh4 47.Kg3 Rb4 48.Ra5 Kh6 49.Rc5 Kg5
50.Ra5 Rb3+ 51.Kg2 Kf4 52.Ra4+ e4 53.h4 f5 54.h5 Rg3+ 55.Kh2 Rg5  0-1

[Event "ch-ISR w"]
[Site "Tel Aviv ISR"]
[Date "2002.11.30"]
[Round "6"]
[White "Vasiliev,Olg"]
[Black "Igla,B"]
[Result "1-0"]
[WhiteElo "2160"]
[BlackElo "2160"]

1.e4 c5 2.Nf3 e6 3.d4 cxd4 4.Nxd4 a6 5.Nc3 b5 6.Bd3 Qb6 7.Be3 Bc5 8.Be2 Nc6
9.Nxc6 dxc6 10.Bxc5 Qxc5 11.Qd3 Nf6 12.f4 O-O 13.O-O-O a5 14.g4 a4 15.e5 b4
16.exf6 bxc3 17.Qxc3 Qxc3 18.bxc3 gxf6 19.Bf3 Ra6 20.Rd6 a3 21.Rhd1 Rb6 22.Bxc6 Rb2
23.Rd8 Ba6 24.Rxf8+ Kxf8 25.Rd8+ Kg7 26.Ra8 Be2 27.Rxa3 Rb6 28.Be4 Bxg4 29.c4 f5
30.Bg2 Rb4 31.Bf1 Kf6 32.Rb3 Ra4 33.a3 Ke7 34.Kb2 Kd6 35.Rb7 Bh5 36.Kb3 Ra8
37.Kb4 Bf3 38.Rb6+ Kc7 39.c5 Rd8 40.Bb5 Rd2 41.c4 Rxh2 42.Rd6 Rb2+ 43.Ka5 h5
44.Rd7+ Kb8 45.Kb6 Kc8 46.Rxf7 Kd8 47.c6  1-0

[Event "ch-GRE w"]
[Site "Athens GRE"]
[Date "2002.12.01"]
[Round "4"]
[White "Fakhiridou,E"]
[Black "Stiri,A"]
[Result "1-0"]
[WhiteElo "2313"]
[BlackElo "2170"]

1.e4 c5 2.Nf3 e6 3.d4 cxd4 4.Nxd4 a6 5.Nc3 Qc7 6.g3 Bb4 7.Bd2 Nf6 8.Bg2 Nc6
9.Nxc6 bxc6 10.O-O Bc5 11.Na4 Ba7 12.c4 O-O 13.c5 e5 14.Bg5 h6 15.Bxf6 gxf6
16.Qf3 Kg7 17.Rfd1 d5 18.cxd6 Qb7 19.Rac1 Be6 20.b3 Bd4 21.Nc5 Qc8 22.Rxd4 exd4
23.Qd3 Bh3 24.Qxd4 Bxg2 25.Kxg2 Qg4 26.h3 Qe2 27.Nd7  1-0

[Event "Winter Cup"]
[Site "Bucharest ROM"]
[Date "2002.12.01"]
[Round "1"]
[White "Podinic,V"]
[Black "Milanovic,Sla"]
[Result "1/2-1/2"]
[WhiteElo "2367"]
[BlackElo "2298"]

1.e4 c5 2.Nf3 e6 3.d4 cxd4 4.Nxd4 a6 5.Nc3 Qc7 6.Be2 Nc6 7.O-O Nxd4 8.Qxd4 Nf6
9.Kh1 Bc5 10.Qd3 b5 11.f4 h5 12.e5 Ng4 13.Qh3  1/2-1/2

[Event "ch-POL sf"]
[Site "Lubniewice POL"]
[Date "2002.12.01"]
[Round "2"]
[White "Gajewski,G"]
[Black "Stypka,M"]
[Result "1-0"]
[WhiteElo "2436"]
[BlackElo "2258"]

1.e4 c5 2.Nc3 e6 3.Nf3 a6 4.d4 cxd4 5.Nxd4 d6 6.Be2 Nf6 7.O-O Be7 8.f4 O-O
9.Be3 Qc7 10.g4 Re8 11.g5 Nfd7 12.Bd3 Bf8 13.Qh5 g6 14.Qh4 Nc6 15.Rf3 Bg7
16.Nde2 Ne7 17.Raf1 f5 18.gxf6 Bxf6 19.Qh3 Nc5 20.f5 exf5 21.Bc4+ Kh8 22.Qxh7+ Kxh7
23.Rh3+ Bh4 24.Rxh4+ Kg7 25.Bd4+ Kf8 26.Rh8+ Ng8 27.Rxg8+ Ke7 28.Nd5+ Kd7
29.Rg7+  1-0

[Event "33rd NCC"]
[Site "Philadelphia USA"]
[Date "2002.12.01"]
[Round "6"]
[White "Karell,L"]
[Black "Bierkens,P"]
[Result "1/2-1/2"]
[WhiteElo "2123"]
[BlackElo "2245"]

1.e4 c5 2.Nf3 e6 3.d4 cxd4 4.Nxd4 a6 5.Nc3 b5 6.a3 Qb6 7.Nb3 Qc7 8.Bd3 Nf6
9.O-O Be7 10.f4 d6 11.e5 Nfd7 12.Qg4 g6 13.Re1 Bb7 14.exd6 Bxd6 15.Be3 Nc5
16.Bxb5+ Ncd7 17.Bd3 O-O 18.Qh4 Nc5 19.Nxc5 Bxc5 20.Kh1 Nd7 21.Bd2 Bd4 22.Be4 Bf6
23.Qf2 Rab8 24.Rab1 Rfc8 25.f5 exf5 26.Bf4 Be5 27.Bxb7 Rxb7 28.Nd5 Qc5 29.Qxc5 Rxc5
30.Bxe5 Rxd5 31.Bc3 Rb8 32.Rbd1 Nb6 33.Rxd5 Nxd5 34.Bd4 Kf8 35.c3 Nf4 36.g3 Ne6
37.Bf6 Nc5 38.Rd1  1/2-1/2

[Event "ch-POL sf"]
[Site "Lubniewice POL"]
[Date "2002.12.02"]
[Round "3"]
[White "Hnydiuk,A"]
[Black "Marszalek,Mac"]
[Result "1/2-1/2"]
[WhiteElo "2373"]
[BlackElo "2279"]

1.e4 c5 2.Nf3 e6 3.d4 cxd4 4.Nxd4 a6 5.Nc3 Qc7 6.g3 Nf6 7.Bg2 Nc6 8.O-O Be7
9.Re1 d6 10.Nxc6 bxc6 11.e5 dxe5 12.Rxe5 O-O 13.Bf4 Qd7 14.Na4 Qxd1+ 15.Rxd1 Nd5
16.Bc1 Bf6 17.Ree1 Rb8 18.c4 Nb6 19.Nxb6 Rxb6 20.b3 Be7 21.Bf4 Bb4 22.Re3 a5
23.Red3 h6 24.Bd6 Bxd6 25.Rxd6 Bb7 26.c5 Rb4 27.Bxc6 Bxc6 28.Rxc6 a4 29.bxa4 Rxa4
30.Rd2 Rfa8 31.Rc7 Rxa2 32.Rdd7 Rf8 33.c6 Rc2 34.Rd6 Kh7  1/2-1/2

[Event "ch-POL sf"]
[Site "Lubniewice POL"]
[Date "2002.12.06"]
[Round "7"]
[White "Sawicki,M"]
[Black "Marszalek,Mac"]
[Result "0-1"]
[WhiteElo "2085"]
[BlackElo "2279"]

1.e4 c5 2.Nf3 e6 3.d4 cxd4 4.Nxd4 a6 5.Nc3 Qc7 6.g3 Nf6 7.Bg2 d6 8.O-O Be7
9.Re1 O-O 10.Be3 Nbd7 11.f4 Rd8 12.Qe2 Nf8 13.Rad1 Bd7 14.h3 Rac8 15.Qf2 Be8
16.Nb3 N6d7 17.Bd4 b6 18.Rd2 Nc5 19.Red1 Qb8 20.f5 Nfd7 21.Kh1 Ne5 22.fxe6 fxe6
23.Nxc5 dxc5 24.Be3 Nc4 25.Rxd8 Rxd8 26.Bf4 Rxd1+ 27.Nxd1 Qd8 28.Qe2 b5 29.b3 Nb6
30.Nf2 Qd4 31.Kh2 Bf7 32.Nd3 Nd7 33.e5 Bg6 34.h4 c4 35.Nf2 Bc5 36.Kg1 c3
37.Kf1 Qxf2+ 38.Qxf2 Bxf2 39.Kxf2 Bxc2 40.b4 Bb1 41.a3 Nb6 42.Ke3 Ba2 43.Kd3 Bd5
44.Be3 Nc4 45.Bxd5 exd5 46.Bd4 Kf7 47.Bxc3 Ke6 48.Kd4 Nxe5 49.Kc5 Nd7+ 50.Kc6 g6
51.Bb2 Ne5+ 52.Kb7 Nc4 53.Bc3 Kd7 54.a4 bxa4 55.Kxa6 Kc6 56.Bd4 Nd6 57.Ka5 a3
58.Ka4 Nb5 59.Bf6 d4 60.Kb3 Kd5 61.Bg5 Ke4  0-1

[Event "Bundesliga 2002-3"]
[Site "Stuttgart GER"]
[Date "2002.12.13"]
[Round "7"]
[White "Heinatz,T"]
[Black "Schmaltz,R"]
[Result "0-1"]
[WhiteElo "2315"]
[BlackElo "2529"]

1.e4 c5 2.Nf3 e6 3.d4 cxd4 4.Nxd4 a6 5.Nc3 Qc7 6.g3 Bb4 7.Ne2 Be7 8.Bg2 Nf6
9.O-O d6 10.h3 Nc6 11.f4 O-O 12.g4 Nd7 13.g5 Re8 14.Ng3 b5 15.Nce2 Bf8 16.h4 Bb7
17.f5 exf5 18.exf5 Nce5 19.Bxb7 Qxb7 20.Nf4 Rac8 21.Kh2 b4 22.a3 a5 23.axb4 axb4
24.Rf2 Rc4 25.Kh3 Qb6 26.Re2 Rec8 27.Be3 Qc6 28.Rc1 Qf3 29.Qh1 Qg4+ 30.Kg2 Rxf4
31.Bxf4 Qxf4 32.Rf1 Qc4 33.f6 Qd5+ 34.Kh3 Qe6+ 35.Kg2 gxf6 36.Qh3 fxg5 37.hxg5 Qxh3+
38.Kxh3 Rc4 39.Nh5 Ng6 40.Kg3 Rc5 41.Kg4 Nde5+ 42.Kg3 Be7 43.Nf6+ Bxf6 44.Rxf6 Nc4
45.Kg4 Kg7 46.Ref2 Nce5+ 47.Kg3 Rd5 48.R6f5 Rd4 49.Rf1 Re4 50.b3 Re3+ 51.Kf2 Rc3  0-1

[Event "Christmas Open"]
[Site "Zadar CRO"]
[Date "2002.12.15"]
[Round "2"]
[White "Rezan,S"]
[Black "Mandekic,I"]
[Result "1-0"]
[WhiteElo "2414"]
[BlackElo "2248"]

1.e4 c5 2.Nf3 e6 3.d4 cxd4 4.Nxd4 a6 5.Nc3 Ne7 6.Be2 Nbc6 7.O-O Nxd4 8.Qxd4 Nc6
9.Qd3 Qc7 10.f4 Be7 11.e5 O-O 12.Qh3 f5 13.exf6 Bxf6 14.Bd3 g6 15.Ne4 Ne7
16.Nxf6+ Rxf6 17.b3 b5 18.Bb2 Rf7 19.c4 bxc4 20.Bxc4 Bb7 21.Qc3 Qc5+ 22.Rf2 Kf8
23.Qh8+ Ng8 24.a4 Ke7 25.Ba3 Qxa3 26.Rxa3 Nf6 27.Qxa8 Bxa8 28.Bxa6 Ng4 29.Re2 Rxf4
30.h3 Nf6 31.Bc4 h5 32.Ra1 h4 33.Rf1 Rd4 34.Ref2 Nh5 35.Rf7+ Kd6 36.Bb5 Bc6
37.Bxc6 Kxc6 38.Rc1+ Kb6 39.Rf8 Ng3 40.Kh2 g5 41.Rb8+ Ka7 42.Rb5 d5 43.Rbc5 Rd2
44.Rc7+ Kb8 45.Rg7 e5 46.a5 Ra2 47.Rxg5 e4 48.Rxd5 e3 49.Re5 e2 50.Re1 Rb2
51.Kg1 Rxb3 52.R5xe2  1-0

[Event "Christmas Open"]
[Site "Zadar CRO"]
[Date "2002.12.17"]
[Round "4"]
[White "Zufic,M"]
[Black "Feletar,D"]
[Result "1-0"]
[WhiteElo "2321"]
[BlackElo "2420"]

1.e4 c5 2.Nf3 e6 3.d4 cxd4 4.Nxd4 a6 5.Nc3 Qc7 6.Bd3 Nf6 7.O-O Bc5 8.Nb3 Ba7
9.Qe2 d6 10.Kh1 Nbd7 11.f4 b5 12.Bd2 Bb7 13.Rae1 e5 14.a4 b4 15.Nd5 Nxd5
16.exd5 a5 17.fxe5 Nxe5 18.Bb5+ Kf8 19.Qe4 Bb6 20.c3 bxc3 21.Bxc3 f6 22.Rc1 Qf7
23.Bxe5 dxe5 24.Bc6 Rd8 25.Bxb7 Qxb7 26.Rc6 Kf7 27.Qc4 Rhe8 28.Nc5 Bxc5 29.d6+ Kg6
30.Rc7  1-0

[Event "Christmas Open"]
[Site "Zadar CRO"]
[Date "2002.12.20"]
[Round "7"]
[White "Saric,A"]
[Black "Pahor,A"]
[Result "1/2-1/2"]
[WhiteElo "2380"]
[BlackElo "2043"]

1.e4 c5 2.Nf3 e6 3.d4 cxd4 4.Nxd4 a6 5.Nc3 d6 6.g3 Nf6 7.Bg2 Be7 8.O-O O-O
9.Re1 Qc7 10.a4 Bd7 11.h3  1/2-1/2

[Event "AIG Life rapid QF4"]
[Site "Warsaw POL"]
[Date "2002.12.22"]
[Round "3"]
[White "Tiviakov,S"]
[Black "Markowski,T"]
[Result "0-1"]
[WhiteElo "2631"]
[BlackElo "2549"]

1.e4 c5 2.Nc3 e6 3.Nf3 a6 4.d4 cxd4 5.Nxd4 b5 6.Bd3 d6 7.O-O Nf6 8.Re1 Be7
9.a4 b4 10.Na2 e5 11.Nf5 Bxf5 12.exf5 Nc6 13.Qf3 d5 14.Qg3 O-O 15.Bh6 Ne8
16.Rad1 Bf6 17.Qg4 Qa5 18.Bf1 Kh8 19.Bd2 Rb8 20.b3 Nc7 21.c3 bxc3 22.Nxc3 Qb6
23.Rb1 e4 24.b4 Ne5 25.Qh3 Rfd8 26.b5 axb5 27.Nxb5 Nxb5 28.Rxb5 Qa7 29.Rxb8 Rxb8
30.Bb5 Qd4 31.Qe3 Ng4 32.Qe2 h6 33.h3 Ne5 34.Be3 Qb4 35.Rd1 Rd8 36.Bb6 Rb8
37.Be3 Rd8 38.Qd2 Qd6 39.Kh1 Nc6 40.Rc1 Ne7 41.Bc5 Qe5 42.a5 Nxf5 43.a6 Bg5
44.Be3 Nxe3 45.fxe3 d4 46.Qa2 Qxb5 47.a7 Qb7 48.Rb1 Qa8 49.exd4 Kg8 50.Qa5 e3
51.Qc7 e2 52.Re1 Re8 53.Kg1 Bh4 54.g3 Bxg3 55.Qxg3 Qxa7 56.Qf2 Qa2 57.Kg2 Qd5+
58.Kh2 Qe4 59.d5 Qxd5 60.Rxe2 Rd8 61.Qg3 g6 62.Qf4 Kg7 63.Rf2 Qd6 64.Qxd6 Rxd6
65.Kg3 g5 66.Ra2 Kg6 67.Ra7 Rd3+ 68.Kg2 f6 69.Ra6 h5 70.Rb6 g4 71.hxg4 hxg4
72.Rb5 f5 73.Rc5 Ra3 74.Rd5 Kg5 75.Rb5 Re3 76.Kf2 Re4 77.Kg3 Re3+ 78.Kf2 Ra3
79.Rc5 Rd3 80.Kg2 Kf4 81.Rc4+ Ke5 82.Rc5+ Ke4 83.Rc4+ Rd4 84.Rc5 Kf4 85.Rc2 Ra4
86.Rd2 Ra5 87.Re2 Kg5 88.Rd2 f4 89.Rd4 Ra2+ 90.Kg1 g3 91.Rd3 Kg4 92.Rd1 Ra4
93.Rd8 Re4 94.Rd1 f3 95.Rf1 Ra4 96.Rd1 Kh3  0-1

[Event "AIG Life rapid QF1"]
[Site "Warsaw POL"]
[Date "2002.12.22"]
[Round "5"]
[White "Fedorchuk,S"]
[Black "Kengis,E"]
[Result "1-0"]
[WhiteElo "2564"]
[BlackElo "2570"]

1.e4 c5 2.Nf3 e6 3.d4 cxd4 4.Nxd4 a6 5.Nc3 b5 6.Bd3 Qb6 7.Be3 Bc5 8.Nce2 Nf6
9.c3 Ng4 10.Ng3 Nxe3 11.fxe3 g6 12.e5 Bb7 13.Ne4 Bxe4 14.Bxe4 Ra7 15.Qf3 d5
16.exd6 O-O 17.O-O Qxd6 18.Rad1 Qe5 19.Kh1 Rc7 20.Bc2 Bd6 21.Qh3 Be7 22.Bb3 Nc6
23.Rf4 Na5 24.Bc2 Nc4 25.Re4 Qf6 26.b4 Nd6 27.Rf4 Qe5 28.Qf3 Bg5 29.Rg4 Rfc8
30.Ne2 Bh6 31.Rh4 Bf8 32.Rhd4 Rxc3 33.Nxc3 Rxc3 34.Bd3 Kg7 35.Qf4  1-0

[Event "AIG Life rapid"]
[Site "Warsaw POL"]
[Date "2002.12.22"]
[Round "7"]
[White "Tseshkovsky,V"]
[Black "Kotsur,P"]
[Result "1-0"]
[WhiteElo "2545"]
[BlackElo "2579"]

1.e4 c5 2.Nf3 e6 3.d4 cxd4 4.Nxd4 a6 5.Nc3 b5 6.Bd3 Qb6 7.Nf3 Qc7 8.O-O Bb7
9.Re1 d6 10.Bg5 Nd7 11.a4 bxa4 12.Rxa4 Nb6 13.Ra2 Nf6 14.Qe2 Be7 15.Bxa6 Bxa6
16.Rxa6 Rxa6 17.Qxa6 O-O 18.Nb5 Qb8 19.Nfd4 Rc8 20.Na7 Rc7 21.Nac6 Qb7 22.Qxb7 Rxb7
23.Nxe7+ Rxe7 24.Nb5 Rd7 25.b3 Ne8 26.Be3 Rb7 27.Ra1 Kf8 28.c4 Nd7 29.Ra8 Nf6
30.e5 dxe5 31.Bc5+ Kg8 32.Nd6 Rxb3 33.h3 g5 34.Nxe8 Nxe8 35.Rxe8+ Kg7 36.Bd6 e4
37.c5 Rb1+ 38.Kh2 Rc1 39.Rc8 Rd1 40.Be7 f6 41.c6 Kf7 42.Bxf6 Kxf6 43.c7  1-0

[Event "TCh-BEL 2002-3"]
[Site "Belgium BEL"]
[Date "2002.12.23"]
[Round "5"]
[White "Golubev,M"]
[Black "Van Mil,J"]
[Result "1-0"]
[WhiteElo "2528"]
[BlackElo "2406"]

1.e4 c5 2.Nf3 e6 3.Nc3 a6 4.d4 cxd4 5.Nxd4 Nc6 6.Be3 Nf6 7.Bd3 d5 8.exd5 exd5
9.Qd2 Bb4 10.a3 Be7 11.h3 O-O 12.O-O-O Re8 13.Rhe1 Bf8 14.g4 Bd7 15.f3 b5
16.g5 Nh5 17.Nxd5 Nxd4 18.Bxd4 Rxe1 19.Rxe1 Be6 20.Nf4 Nxf4 21.Qxf4 Rc8 22.Rd1 Bd6
23.Be5 Bxe5 24.Bxh7+ Kxh7 25.Qe4+ g6 26.Rxd8 Bxb2+ 27.Kxb2 Rxd8 28.Qc6 Rd5
29.h4 a5 30.Qc7 a4 31.Kc3 Rf5 32.f4 Bc4 33.Kb4 Be6 34.c3 Bc4 35.Qd6 Be6 36.Qc7 Bc4
37.Ka5 Be6 38.Kb6 Rd5 39.Qe7 Rd7 40.Qf6 Rd6+ 41.Ka5  1-0